Statistiques concernant Rapide Typage A à Z

Cliquez ici pour prendre le quiz!

Statistiques générales

  • Ce quiz a été pris 1,494 fois
  • Le résultat moyen est 23 sur 26

Statistiques - réponses

lettre % Correct
A
100%
E
98%
D
97%
B
97%
C
96%
G
94%
F
94%
I
94%
H
93%
J
92%
O
91%
L
91%
K
91%
R
89%
P
89%
M
89%
Q
88%
N
88%
S
87%
T
86%
U
84%
V
80%
W
79%
Z
77%
X
77%
Y
77%

Distribution des résultats

Percentile by Number Answered

% des personnes avec chaque résultat

Votre développement - résultats

Vous n’avez pas pris ce quiz